| 000 | 00916cam a2200313 i 4500 | ||
|---|---|---|---|
| 999 |
_c200445369 _d63581 |
||
| 001 | 200445369 | ||
| 003 | TR-AnTOB | ||
| 005 | 20220520113044.0 | ||
| 007 | ta | ||
| 008 | 840817s1960 gw a d 000 0 ger d | ||
| 010 | _aa 61003486 | ||
| 035 | _a(TR-AnTOB)200445369 | ||
| 040 |
_aDLC _beng _erda _cCarP _dDLC _dTR-AnTOB |
||
| 041 | 0 | _ager | |
| 050 | 0 | 0 |
_aTP788 _b.J4 1960 |
| 090 |
_aTOBBK TP788 _b.J4 1960 |
||
| 100 | 1 |
_aJebsen-Marwedel, Hans _eauthor _9134203 |
|
| 245 | 1 | 0 |
_aTafelglas in Stichworten / _cvon H. Jebson-Marwedel. |
| 250 | _a2. Aufl. | ||
| 264 | 1 |
_aEssen : _bW. Girardet, _c1960. |
|
| 300 |
_a100 pages : _billustrations ; _c21 cm |
||
| 336 |
_atext _btxt _2rdacontent |
||
| 337 |
_aunmediated _bn _2rdamedia |
||
| 338 |
_avolume _bnc _2rdacarrier |
||
| 650 | 0 |
_aGlass _vDictionaries _xGerman _9134205 |
|
| 942 |
_2z _cBK |
||